| 000 | 02422nam0a2200385 4500 | ||
|---|---|---|---|
| 001 | RU\NLR\bibl\1750161 | ||
| 005 | 20260405235657.0 | ||
| 010 |
_a978-5-91835-057-7 _9500 |
||
| 021 |
_aRU _b2011-15974 _91126 |
||
| 035 | _a(nilc)RSL-KNO-004902138 | ||
| 035 | _a(NLR Aleph) 001741025 | ||
| 090 |
_a1459430 _c1459430 |
||
| 100 | _a20110314d2010 |||y0rusy50 ca | ||
| 101 | 0 | _arus | |
| 102 | _aRU | ||
| 105 | _ay ||||||||| | ||
| 200 | 1 |
_aЭкономические преступления и их профилактика: экономика, социология, право _e(тезаурус, схемы, нормативные акты) _eучебное пособие _e[для студентов юридических и экономических факультетов] _fЮ. Г. Карпухин, Т.А. Кузнецова, Р.В. Михайлов [и др.] _gРоссийская акад. юридических наук, Северо-Восточный гуманитарный ин-т |
|
| 210 |
_aМосква _cЮрист _d2010 |
||
| 215 |
_a227 с. _cил. _d21 |
||
| 300 | _aВ предисл. авт.: Ю.Г. Карпухин к.ю.н., доц., Т.А. Кузнецова к.ю.н., доц., Р.В. Михайлов [и др.] | ||
| 320 | _aБиблиогр. тексте | ||
| 606 | 1 |
_aПреступления в сфере экономики _jУчебные издания для высших учебных заведений _xБорьба с ними _yРоссийская Федерация _92141379 _3RU\NLR\auth\661290616 |
|
| 606 | 1 |
_aПреступления в сфере экономики _jУчебные издания для высших учебных заведений _yРоссийская Федерация _92082504 _3RU\NLR\auth\661258529 |
|
| 686 |
_aХ628.322я73-1 _2rubbk |
||
| 686 | _aХ628.111.6я73 | ||
| 686 | _aХ628.322.16я73 | ||
| 701 | 1 |
_aКарпухин _bЮ. Г. _4070 |
|
| 701 | 1 |
_4070 _8rus _7ca _aКузнецова _bТ. А. _cканд. юрид. наук _gТатьяна Александровна _3RU\NLR\auth\77109292 _992217 |
|
| 701 | 1 |
_4070 _8rus _7ca _aМихайлов _bР. В. _cканд. полит. наук _f1973- _gРодион Владимирович _3RU\NLR\auth\77109291 _992216 |
|
| 801 | 0 |
_aRU _bRuMoRKP _c20110314 _grcr |
|
| 801 | 1 |
_aRU _bRuMoRGB _c20110314 |
|
| 801 | 2 |
_aRU _bNLR _c20110323 _grcr |
|
| 942 | _cBOOK | ||
| 980 | _aNB | ||